000
00222nam a2200097Ia 4500
001
689485
005
20250826161635.0
008
250824s9999 xx 000 0 und d
245
0
_a
DON KİŞOT
_c
CERVANTES
260
_b
AKVARYUM
999
_c
689485
_d
689485